| 000 | 00390cam a22001217a 4500 | ||
|---|---|---|---|
| 008 | 180718b1987 xxu||||| |||| 00| 0 eng d | ||
| 082 | _aAPPPA 86-87 RAJ | ||
| 100 | _aRajialakshmi | ||
| 245 |
_aPetroleum pricing in India (1973-1986) _cby Rajialakshmi |
||
| 260 |
_aNew Delhi _bIndian Institute of Public Administration _c1987 |
||
| 300 | _a112p. | ||
| 650 | _aPetroleum pricing-India, 1973-1986 | ||
| 999 |
_c501436 _d501436 |
||